000 00452nam a2200181Ia 4500
003 0100
008 130303s9999 xx 000 0 und d
040 _cARRUPELIB
050 _aBT30.A438P371995
100 _aParratt, John
245 _aReinventing Christianity
245 _bAfrican Theology Today
260 _aGrand Rapids, Michigan
260 _bWilliam B. Eerdmans Publishing Company Inc
260 _C1995
300 _a217p
942 0 0 _04
999 _c18468
_d18468